000 01874nam a2200349 a 4500
001 BRCA_2711
005 20190320203932.0
008 031208s1890----sp-a---###---#000-0dspa-u
041 _aspa
044 _asp
084 _a214
_b.J83
_c1890
100 1 _aCervantes Saavedra, Miguel de
_d1547-1616
_9213
245 1 0 _aEl Ingenioso Hidalgo Don Quijote de la Mancha
_ccompuesta por Miguel de Cervantes Saavedra.
260 _aMadrid
_bSaenz de Jubera hermanos
_c1890
300 _axv, 541 p.
_bil.
_c28 cm.
500 _aContenido : Primera parte. Escudo de la edición príncipe. Dedicatoria del autor. Nota de los editores. Retrato de Cervantes. Prólogo del autor. Versos preliminares. Texto. Segunda parte. Dedicatoria del autor. Prólogo del autor. Texto
500 _aEdición : Novísima edición con notas históricas, críticas y gramaticales de la Academia Española, Pellicer, Arrieta, Clemencín, Cuesta, Janer, etc. Aumentada con El Buscapié, anotado por D. A. de Castro, adornado con 300 grabados intercalados, láminas suletas y el retrato de del autor grabados en acero
500 _aEdición similar a la de 1889 de los mismos editores Lúdovik Osterk
500 _aIncluye indice : De láminas (p. 541)
500 _aQMB13
650 1 4 _aNovela española
_yÉpoca clásica, 1500-1700
_9215
650 1 4 _aLiteratura española
_yÉpoca clásica, 1500-1700
_9216
650 1 4 _aNovela española
_ySiglo XVII
_9217
650 1 4 _aDon Quijote (Personaje ficticio)
_eNovela
_9218
700 1 _aCastro y Rossi, Adolfo de
_d1823-1898
_eAnotador
_97668
700 1 _aPellicer y Pilares, Juan Antonio
_d1738-1806
_eAnotador
_97669
700 1 _aGarcía Arrieta, Agustín
_d1775-1834
_eAnotador
_97670
700 1 _aClemencín y Viñas, Diego
_d1785-1834
_eAnotador
_97671
740 0 _aEl Ingenioso Hidalgo Don Quijote de la Mancha
902 _aQFM
942 _2lcc
_cB
999 _c2451
_d2451